[Event "Ontario op"]
[Site "Ottawa CAN"]
[Date "1982.05.23"]
[Round "4"]
[White "Cohen, David"]
[Black "Chobanov, Gabriel"]
[Result "0-1"]
[WhiteElo "1596"]
[BlackElo "1797"]
[PlyCount "76"]
[GameId "2160767739579361"]
[EventDate "1982.05.22"]
[EventType "swiss"]
[EventRounds "6"]
[EventCountry "CAN"]

1. g4 d5 2. Bg2 Bxg4 3. c4 Nf6 4. cxd5 Bd7 5. Qb3 Qc8 6. Nc3 a6 7. d3 g6 8. Bf4 Nh5 9. Be5 Bg7 10. Bxg7 Nxg7 11. Rc1 Nf5 12. Nf3 Nd6 13. Ng5 O-O 14. h4 h5 15. Rg1 Nf5 16. d6 Bc6 17. dxe7 Nxe7 18. Nd5 Nxd5 19. Bxd5 Bxd5 20. Qxd5 c6 21. Qf3 Qe8 22. Ne4 Nd7 23. Rc5 Qe7 24. Rxh5 Kg7 25. Qe3 Rh8 26. Qd4+ f6 27. Rhg5 Ne5 28. Rf5 Rxh4 29. Qc3 Nd7 30. f4 Re8 31. Qd2 Kf7 32. Ra5 Nb6 33. Rc5 Nd5 34. Rf1 Rh2 35. Rc4 Kg7 36. a3 f5 37. Ng3 Rg2 38. Rf3 Qh4 {Black wins on time} 0-1

[Event "Ontario op"]
[Site "Ottawa CAN"]
[Date "1982.05.23"]
[Round "4"]
[White "Veltmann, Martin"]
[Black "Kosich, Dusan"]
[Result "1-0"]
[WhiteElo "1864"]
[BlackElo "1637"]
[PlyCount "81"]
[GameId "2160767912848527"]
[EventDate "1982.05.22"]
[EventType "swiss"]
[EventRounds "6"]
[EventCountry "CAN"]
[SourceTitle "mv"]

1. e4 c5 2. Nf3 Nc6 3. d4 cxd4 4. Nxd4 e5 5. Nb5 d6 6. N1c3 Nf6 7. Bg5 a6 8. Na3 Be7 9. Bxf6 Bxf6 10. Nd5 b5 11. c3 Bg5 12. Nc2 Bb7 13. a4 bxa4 14. Rxa4 Ne7 15. Ncb4 a5 16. Bb5+ Kf8 17. Nxe7 axb4 18. Rxa8 Bxa8 19. Nd5 bxc3 20. Nxc3 g6 21. O-O Kg7 22. Qd3 Qb6 23. Rd1 Rd8 24. b3 Bc6 25. Bc4 Qb7 26. g3 Be7 27. h4 Rc8 28. h5 Qd7 29. hxg6 hxg6 30. Nd5 Rh8 31. Qf3 Rf8 32. Qe3 f5 33. Ra1 Bxd5 34. Bxd5 f4 35. Qa7 Qd8 36. Qb7 g5 37. Ra7 Kf6 38. g4 Rh8 39. Kf1 f3 40. Ke1 Rh4 41. Ra8 1-0

[Event "Ontario op"]
[Site "Ottawa CAN"]
[Date "1982.05.24"]
[Round "5"]
[White "Cohen, David"]
[Black "Roland, Christopher"]
[Result "1/2-1/2"]
[WhiteElo "1596"]
[BlackElo "1659"]
[PlyCount "47"]
[GameId "2160767912848529"]
[EventDate "1982.05.22"]
[EventType "swiss"]
[EventRounds "6"]
[EventCountry "CAN"]

1. g4 d5 2. Bg2 c6 3. h3 e5 4. d3 Bd6 5. Nf3 Ne7 6. Nh4 f5 7. gxf5 Bxf5 8. Nxf5 Nxf5 9. e4 Nh4 10. Qg4 Nxg2+ 11. Qxg2 O-O 12. exd5 Bc5 13. Be3 Bxe3 14. fxe3 Qxd5 15. Qxd5+ cxd5 16. Nc3 d4 17. exd4 exd4 18. Nb5 Nc6 19. O-O-O Rf2 20. a3 Rd8 21. c3 dxc3 22. Nxc3 Nd4 23. h4 Re8 24. Rhe1 1/2-1/2

[Event "Ontario op"]
[Site "Ottawa CAN"]
[Date "1982.05.24"]
[Round "5"]
[White "Daku, Zoltan"]
[Black "Veltmann, Martin"]
[Result "0-1"]
[WhiteElo "1755"]
[BlackElo "1864"]
[PlyCount "66"]
[GameId "2160767912848530"]
[EventDate "1982.05.22"]
[EventType "swiss"]
[EventRounds "6"]
[EventCountry "CAN"]
[SourceTitle "mv"]

1. d4 Nf6 2. c4 g6 3. Nc3 Bg7 4. e4 O-O 5. e5 Ne8 6. f4 d6 7. Nf3 c5 8. d5 Bg4 9. Bd3 dxe5 10. fxe5 Bxe5 11. O-O Bd4+ 12. Kh1 Bg7 13. Be3 Nd7 14. Qd2 Nd6 15. Ng5 b6 16. Rf4 Bf5 17. Raf1 Bxd3 18. Qxd3 Ne5 19. Qe2 h6 20. Nf3 Nxf3 21. R4xf3 Nf5 22. Rxf5 gxf5 23. Rxf5 Qd6 24. Ne4 Qg6 25. Ng3 e6 26. Rf4 f5 27. Rh4 exd5 28. Qd2 d4 29. Bxh6 f4 30. Bxf4 Qb1+ 31. Qc1 Qxc1+ 32. Bxc1 Rae8 33. Bd2 Rf2 0-1

[Event "Ontario op"]
[Site "Ottawa CAN"]
[Date "1982.05.24"]
[Round "6"]
[White "Oko, David"]
[Black "Cohen, David"]
[Result "0-1"]
[WhiteElo "1669"]
[BlackElo "1596"]
[PlyCount "78"]
[GameId "2160767912848533"]
[EventDate "1982.05.22"]
[EventType "swiss"]
[EventRounds "6"]
[EventCountry "CAN"]

1. e4 a6 2. Nf3 d6 3. Nc3 b5 4. a3 Nf6 5. d4 Bb7 6. Bd3 Nbd7 7. b3 c5 8. d5 Rc8 9. O-O g6 10. Rb1 Bg7 11. Na2 Ng4 12. c4 bxc4 13. bxc4 Rb8 14. Bd2 Nge5 15. Be2 O-O 16. Qc2 Qc7 17. Nxe5 Bxe5 18. Bc3 f6 19. Qd2 Kg7 20. f4 Bxc3 21. Qxc3 Rbe8 22. Bg4 Bc8 23. Rb2 Nb6 24. Bd1 e6 25. Nc1 exd5 26. exd5 Re4 27. Bb3 Rfe8 28. Qa5 R8e7 29. Rc2 Nxd5 30. Qxc7 Nxc7 31. g3 Bh3 32. Rd1 Re1+ 33. Rxe1 Rxe1+ 34. Kf2 Rh1 35. Ke3 Ne6 36. Na2 Nd4 37. Rb2 Re1+ 38. Kf2 Rf1+ 39. Ke3 Rf3+ 0-1

[Event "Ontario op"]
[Site "Ottawa CAN"]
[Date "1982.05.24"]
[Round "6"]
[White "Ross, Paul"]
[Black "Veltmann, Martin"]
[Result "1-0"]
[WhiteElo "1987"]
[BlackElo "1864"]
[PlyCount "63"]
[GameId "2160767912848534"]
[EventDate "1982.05.22"]
[EventType "swiss"]
[EventRounds "6"]
[EventCountry "CAN"]
[SourceTitle "mv"]

1. d4 Nf6 2. c4 g6 3. Nc3 Bg7 4. e4 O-O 5. Nf3 d6 6. Be2 e5 7. O-O Nc6 8. d5 Ne7 9. b4 a5 10. bxa5 Rxa5 11. Nd2 Nd7 12. Nb3 Ra8 13. Be3 f5 14. f3 f4 15. Bf2 Nf6 16. c5 Ne8 17. a4 g5 18. a5 Ng6 19. c6 bxc6 20. dxc6 h5 21. Nd5 Kh7 22. Nb6 cxb6 23. axb6 Rb8 24. Ra7 Rxb6 25. c7 Qf6 26. Bxb6 d5 27. Bc5 Rf7 28. exd5 Nxc7 29. d6 Ne6 30. d7 Bxd7 31. Rxd7 Nxc5 32. Nxc5 1-0

[Event "Ottawa Valley op"]
[Site "Ottawa CAN"]
[Date "1982.10.30"]
[Round "2"]
[White "Veltmann, Martin"]
[Black "Ross, Dave"]
[Result "0-1"]
[WhiteElo "1891"]
[BlackElo "2228"]
[PlyCount "60"]
[GameId "2160767912811210"]
[EventDate "1982.10.29"]
[EventType "swiss"]
[EventRounds "6"]
[EventCountry "CAN"]

1. e4 c5 2. Nf3 d6 3. Nc3 a6 4. d4 cxd4 5. Nxd4 Nf6 6. Bg5 e6 7. f4 Qb6 8. Nb3 Nbd7 9. Qf3 Qc7 10. Bd3 Be7 11. O-O-O b5 12. a3 Rb8 13. g4 b4 14. axb4 Rxb4 15. Bxf6 Bxf6 16. e5 dxe5 17. f5 O-O 18. fxe6 fxe6 19. Qh3 Bg5+ 20. Kb1 Nf6 21. Rhf1 e4 22. Nxe4 Nxe4 23. Rxf8+ Kxf8 24. Qxh7 Bf6 25. g5 Nxg5 26. Qh8+ Kf7 27. Qh5+ Ke7 28. h4 Qe5 29. c3 Rxb3 30. hxg5 Rxb2+ 0-1

[Event "Ottawa Valley op"]
[Site "Ottawa CAN"]
[Date "1982.10.30"]
[Round "3"]
[White "Dagenais, Wilfrid"]
[Black "Veltmann, Martin"]
[Result "0-1"]
[WhiteElo "1630"]
[BlackElo "1891"]
[PlyCount "102"]
[GameId "2160767912811211"]
[EventDate "1982.10.29"]
[EventType "swiss"]
[EventRounds "6"]
[EventCountry "CAN"]

1. e4 c6 2. d3 d5 3. Nd2 e5 4. g3 Be6 5. Bg2 Nf6 6. Ngf3 Bd6 7. O-O h6 8. c3 O-O 9. Re1 Qc7 10. Nf1 dxe4 11. dxe4 Rd8 12. Qc2 Nbd7 13. Ne3 Bf8 14. b3 Nc5 15. Nd2 Nd3 16. Rd1 Ng4 17. Nxg4 Bxg4 18. Nf3 Nxc1 19. Raxc1 a5 20. h3 Be6 21. Rxd8 Rxd8 22. Rd1 f6 23. Rxd8 Qxd8 24. Qd2 Qxd2 25. Nxd2 Ba3 26. Kf1 Bb2 27. c4 g5 28. g4 Kf8 29. Ke2 Ke7 30. Kd3 Kd6 31. Bf1 Kc5 32. Be2 Kb4 33. Kc2 Bd4 34. f3 a4 35. Bd1 Be3 36. Nb1 axb3+ 37. axb3 b5 38. Kd3 Bf4 39. cxb5 cxb5 40. Nc3 Kc5 41. Na2 b4 42. Kc2 Bd7 43. Nc1 Bxc1 44. Kxc1 Bb5 45. Kd2 Kd4 46. Bc2 Bf1 47. Bd1 Bxh3 48. Be2 Bg2 49. Bd1 Bf1 50. Bc2 Bb5 51. Bd1 Bd3 0-1

[Event "Ottawa Valley op"]
[Site "Ottawa CAN"]
[Date "1982.10.30"]
[Round "3"]
[White "Sarkar, Prosanto"]
[Black "Laurin, Jacques"]
[Result "1/2-1/2"]
[WhiteElo "2069"]
[BlackElo "1730"]
[PlyCount "79"]
[GameId "2160767912811212"]
[EventDate "1982.10.29"]
[EventType "swiss"]
[EventRounds "6"]
[EventCountry "CAN"]
[SourceTitle "Matou #18"]

1. e4 c5 2. Nf3 Nc6 3. Bb5 Nf6 4. Nc3 a6 5. Bxc6 bxc6 6. O-O g6 7. d3 Bg7 8. h3 O-O 9. Be3 d6 10. Qd2 Re8 11. Nh2 Qb6 12. Rab1 a5 13. f4 d5 14. Bf2 Rd8 15. e5 Ne8 16. Na4 Qb4 17. Qxb4 cxb4 18. Bb6 Rd7 19. Nc5 f6 20. Rbe1 e6 21. Nxd7 Bxd7 22. Nf3 Rc8 23. Bc5 f5 24. g4 Bh6 25. gxf5 gxf5 26. Nd4 Nc7 27. Re2 Na6 28. Rg2+ Kf7 29. Bd6 c5 30. Ne2 d4 31. Kh2 b3 32. axb3 Bc6 33. Rgf2 Rg8 34. Ra1 a4 35. bxa4 Nb4 36. Nxd4 Bxf4+ 37. Rxf4 Rg2+ 38. Kh1 cxd4 39. Raf1 Rg3+ 40. Kh2 1/2-1/2

[Event "Ottawa Valley op"]
[Site "Ottawa CAN"]
[Date "1982.10.30"]
[Round "4"]
[White "Veltmann, Martin"]
[Black "Benoit, Robert"]
[Result "1-0"]
[WhiteElo "1891"]
[BlackElo "1447"]
[PlyCount "55"]
[GameId "2160767912811213"]
[EventDate "1982.10.29"]
[EventType "swiss"]
[EventRounds "6"]
[EventCountry "CAN"]

1. e4 e5 2. Nf3 Nc6 3. Bb5 a6 4. Ba4 b5 5. Bb3 Nf6 6. O-O Bc5 7. Nxe5 Bxf2+ 8. Rxf2 Nxe5 9. d4 Nc6 10. e5 Na5 11. exf6 Nxb3 12. axb3 g6 13. Bh6 d5 14. Re2+ Be6 15. Qf1 Qd6 16. Qf4 Qxf4 17. Bxf4 Kd7 18. Nd2 Rac8 19. b4 h5 20. Nb3 c6 21. Nc5+ Ke8 22. Nxe6 fxe6 23. Rxe6+ Kf7 24. Rae1 Rc7 25. Re7+ Rxe7 26. fxe7 Re8 27. Bg5 Kg7 28. Re6 1-0

[Event "Ottawa Valley op"]
[Site "Ottawa CAN"]
[Date "1982.10.31"]
[Round "5"]
[White "Huband, Ken"]
[Black "Veltmann, Martin"]
[Result "0-1"]
[WhiteElo "1610"]
[BlackElo "1891"]
[PlyCount "140"]
[GameId "2160767912811214"]
[EventDate "1982.10.29"]
[EventType "swiss"]
[EventRounds "6"]
[EventCountry "CAN"]

1. e4 c5 2. Nf3 Nc6 3. d4 cxd4 4. Nxd4 Nf6 5. Nc3 e5 6. Ndb5 d6 7. Bg5 a6 8. Na3 Be6 9. Nc4 Rc8 10. Ne3 Nd4 11. Bd3 Qb6 12. Rb1 Qa5 13. O-O Be7 14. Bxf6 Bxf6 15. Ncd5 Bg5 16. c3 Nc6 17. Ra1 b5 18. Nf5 Bxf5 19. exf5 Ne7 20. Be4 O-O 21. Nxe7+ Bxe7 22. Bd5 b4 23. cxb4 Qxb4 24. b3 Bd8 25. Rc1 Bb6 26. Bc4 a5 27. Qg4 d5 28. f6 g6 29. Qg5 Rfd8 30. Qh6 Qf8 31. Qxf8+ Kxf8 32. Ba6 Ra8 33. Bb5 h6 34. Rc6 Bd4 35. Rfc1 e4 36. Kf1 g5 37. Be2 Be5 38. Bg4 d4 39. R1c5 Bd6 40. Rc4 Bb4 41. Bf5 d3 42. Rc1 d2 43. Rd1 Rd4 44. Ke2 Rad8 45. h3 Ba3 46. Rc2 Bc1 47. Rc6 R4d6 48. Rc5 Rd5 49. Rxd5 Rxd5 50. Bxe4 Rd6 51. Bd3 Rxf6 52. f3 Re6+ 53. Kf2 f6 54. Kf1 h5 55. Kf2 h4 56. Bb5 Ke7 57. Bd3 Kd6 58. Bf5 Re5 59. Bd3 Kc5 60. Bc4 a4 61. Bf7 a3 62. Kf1 Kb4 63. Kf2 Kc3 64. b4 Kxb4 65. Kf1 f5 66. Kf2 f4 67. Bb3 Re3 68. Bf7 Kc3 69. Bg6 Kb2 70. Bf7 Kc2 0-1

[Event "Ottawa Valley op"]
[Site "Ottawa CAN"]
[Date "1982.10.31"]
[Round "6"]
[White "Mohan, RV."]
[Black "Veltmann, Martin"]
[Result "0-1"]
[WhiteElo "1969"]
[BlackElo "1891"]
[PlyCount "87"]
[GameId "2160767912811215"]
[EventDate "1982.10.29"]
[EventType "swiss"]
[EventRounds "6"]
[EventCountry "CAN"]

1. e4 c6 2. d4 d5 3. f3 g6 4. c3 Bg7 5. Bd3 dxe4 6. fxe4 Nd7 7. e5 Nb6 8. Nf3 Nh6 9. O-O O-O 10. Na3 f6 11. Nc4 Be6 12. Qe2 Bxc4 13. Bxc4+ Nxc4 14. Qxc4+ Qd5 15. Qxd5+ cxd5 16. exf6 exf6 17. Bf4 Rfe8 18. Rae1 Nf7 19. Nd2 Bf8 20. Kf2 Kg7 21. Rxe8 Rxe8 22. Re1 Rxe1 23. Kxe1 Nd6 24. Nf1 g5 25. Bxd6 Bxd6 26. g3 Kf7 27. Ke2 Ke6 28. Kf3 f5 29. a4 h5 30. Ne3 f4 31. gxf4 Bxf4 32. h3 a6 33. a5 Bxe3 34. Kxe3 Kd6 35. b3 Kc6 36. c4 dxc4 37. bxc4 b6 38. d5+ Kc7 39. axb6+ Kxb6 40. Ke4 g4 41. hxg4 hxg4 42. Ke5 g3 43. c5+ Kc7 44. d6+ 0-1

[Event "Ottawa op"]
[Site "Ottawa CAN"]
[Date "1982.??.??"]
[Round "?"]
[White "De Jesus, Ricardo"]
[Black "Latreille, Pierre"]
[Result "1/2-1/2"]
[WhiteElo "1806"]
[BlackElo "1635"]
[PlyCount "92"]
[GameId "2160767912848646"]
[EventDate "1982.03.26"]
[EventType "swiss"]
[EventRounds "6"]
[EventCountry "CAN"]
[SourceTitle "Matou #17"]

1. e4 d6 2. d4 Nf6 3. Nc3 g6 4. Be2 Bg7 5. Be3 O-O 6. f4 e5 7. fxe5 dxe5 8. d5 Nbd7 9. Qd2 Qe7 10. O-O-O Nc5 11. Bf3 Ng4 12. Bxg4 Bxg4 13. Nf3 f5 14. Bg5 Qd7 15. exf5 Bxf5 16. Bh6 Rae8 17. Bxg7 Kxg7 18. Rde1 e4 19. Qd4+ Kg8 20. Qxc5 exf3 21. gxf3 a6 22. Ne4 Bxe4 23. fxe4 Re5 24. Re2 Rf7 25. Rhe1 Qg4 26. Qc4 Qf4+ 27. Kb1 b5 28. Qc6 Rxe4 29. Rxe4 Qxe4 30. Qc3 Qxd5 31. b4 h5 32. Re8+ Rf8 33. Re7 Rf7 34. Rxc7 Rxc7 35. Qxc7 Qd1+ 36. Kb2 Qd4+ 37. Kb3 Qd5+ 38. Kb2 Qd4+ 39. Qc3 Qd6 40. h4 Kf7 41. Kb3 Qe6+ 42. Ka3 Qe7 43. Qg3 Qe2 44. Qf4+ Ke6 45. c3 Qg4 46. Qe3+ Kf6 1/2-1/2

[Event "Ottawa op"]
[Site "Ottawa CAN"]
[Date "1982.??.??"]
[Round "?"]
[White "Kosich, Dusan"]
[Black "Laurin, Marcel"]
[Result "0-1"]
[WhiteElo "1637"]
[BlackElo "1690"]
[PlyCount "48"]
[GameId "2160767912848647"]
[EventDate "1982.03.26"]
[EventType "swiss"]
[EventRounds "6"]
[EventCountry "CAN"]
[SourceTitle "Matou #16"]

1. d4 Nf6 2. c4 e6 3. Nf3 b6 4. g3 Bb7 5. Bg2 Be7 6. O-O O-O 7. Nc3 d5 8. Ne5 c5 9. dxc5 Bxc5 10. cxd5 Nxd5 11. Nxd5 exd5 12. Qb3 Nc6 13. Bxd5 Nd4 14. Bxf7+ Kh8 15. Qd1 Qf6 16. Nd7 Qxf7 17. Nxf8 Qd5 18. Ng6+ hxg6 19. e4 Qxe4 20. f3 Nxf3+ 21. Kg2 Ne1+ 22. Kh3 Qg2+ 23. Kg4 Qxf1 24. Qa4 Qf5+ 0-1

[Event "Ottawa op"]
[Site "Ottawa CAN"]
[Date "1982.03.26"]
[Round "?"]
[White "Aviles, Carlos"]
[Black "Ross, Dave"]
[Result "0-1"]
[WhiteElo "1840"]
[BlackElo "2224"]
[PlyCount "94"]
[GameId "2160767912848648"]
[EventDate "1982.03.26"]
[EventType "swiss"]
[EventRounds "6"]
[EventCountry "CAN"]
[SourceTitle "Matou #17"]

1. e4 c5 2. Nf3 Nc6 3. d4 cxd4 4. Nxd4 Nf6 5. Nc3 e5 6. Ndb5 d6 7. Bg5 a6 8. Na3 Be6 9. Nc4 Rc8 10. Ne3 Qb6 11. Bxf6 Qxb2 12. Ncd5 Bxd5 13. Nxd5 Nb4 14. Bd3 Nxd5 15. exd5 Qc3+ 16. Kf1 gxf6 17. g3 Rc5 18. Kg2 h5 19. h4 Ke7 20. Rb1 b5 21. Qf3 Bg7 22. Rb3 Qd4 23. Be4 Rc4 24. Re1 Bh6 25. Bd3 Rc5 26. Re4 Qxd5 27. a4 Rhc8 28. axb5 axb5 29. Reb4 Qxf3+ 30. Kxf3 d5 31. Bxb5 Rxc2 32. Ba6 R8c3+ 33. Rxc3 Rxc3+ 34. Kg2 Rc2 35. Kf1 Rc1+ 36. Kg2 d4 37. Bd3 Rc7 38. Rb2 Bf8 39. Rc2 Rc3 40. Rxc3 dxc3 41. Kf3 Ke6 42. Bc4+ Kd6 43. Bb3 Kc5 44. Ke4 Kb4 45. Bc2 Ka3 46. Kd3 Kb2 47. f3 f5 0-1

[Event "Outaouais-ch"]
[Site "Hull CAN"]
[Date "1982.09.07"]
[Round "1"]
[White "Laurin, Marcel"]
[Black "Latreille, Pierre"]
[Result "1-0"]
[WhiteElo "1635"]
[BlackElo "1619"]
[PlyCount "63"]
[GameId "2160767912848188"]
[EventDate "1982.09.07"]
[EventType "tourn"]
[EventRounds "9"]
[EventCountry "CAN"]
[SourceTitle "Matou #18"]

1. d4 Nf6 2. c4 e6 3. Nc3 Bb4 4. f3 c5 5. d5 d6 6. e4 e5 7. Bd2 O-O 8. Bg5 h6 9. Bh4 Nbd7 10. g4 Nb6 11. Bd3 Bd7 12. Nge2 Nc8 13. a3 Ba5 14. Rg1 a6 15. g5 Nh7 16. Qd2 hxg5 17. Bxg5 Nxg5 18. Rxg5 b5 19. Kf2 Ne7 20. Rag1 g6 21. Rh5 f6 22. Qh6 Kf7 23. Qh7+ Ke8 24. Rxg6 b4 25. Rhh6 Bf5 26. exf5 bxc3 27. Rxf6 Rxf6 28. Rxf6 cxb2 29. Re6 Kd7 30. f6 Rb8 31. Rxe7+ Kc8 32. Bf5+ 1-0

[Event "Outaouais-ch"]
[Site "Hull CAN"]
[Date "1982.09.07"]
[Round "1"]
[White "Roy, Roger"]
[Black "Leduc, Jean-Marc"]
[Result "0-1"]
[WhiteElo "1668"]
[BlackElo "1677"]
[PlyCount "76"]
[GameId "2160767912848189"]
[EventDate "1982.09.07"]
[EventType "tourn"]
[EventRounds "9"]
[EventCountry "CAN"]
[SourceTitle "Matou #18"]

1. e4 d6 2. Nf3 Nf6 3. Nc3 c5 4. d4 cxd4 5. Nxd4 Nc6 6. Bg5 e6 7. Qd2 Be7 8. O-O-O O-O 9. f4 a6 10. Be2 Qc7 11. g4 Bd7 12. Rhg1 Nxd4 13. Qxd4 Bc6 14. e5 dxe5 15. Qxe5 Qxe5 16. fxe5 Nd5 17. Bxe7 Nxe7 18. Bd3 Ng6 19. Bxg6 hxg6 20. Rd6 Rfd8 21. Rgd1 Rxd6 22. Rxd6 Kf8 23. Kd2 Ke7 24. Ke3 Rh8 25. Rd2 Rh3+ 26. Kf4 f6 27. g5 f5 28. Rf2 Rh4+ 29. Ke3 Rg4 30. Rf4 Rxg5 31. Ne2 Rh5 32. Rf2 g5 33. c4 Rh4 34. b3 Re4+ 35. Kd2 Rxe5 36. a4 Re4 37. Nc3 Rg4 38. Re2 Rg2 0-1

[Event "Outaouais-ch"]
[Site "Hull CAN"]
[Date "1982.09.18"]
[Round "2"]
[White "Latreille, Pierre"]
[Black "Roy, Roger"]
[Result "1/2-1/2"]
[WhiteElo "1619"]
[BlackElo "1668"]
[PlyCount "92"]
[GameId "2160767912848190"]
[EventDate "1982.09.07"]
[EventType "tourn"]
[EventRounds "9"]
[EventCountry "CAN"]
[SourceTitle "Matou #18"]

1. e4 e5 2. Nc3 Nc6 3. Nf3 Bc5 4. Be2 d6 5. O-O Nge7 6. Na4 O-O 7. c3 a5 8. d4 exd4 9. cxd4 Ba7 10. Nc3 Ng6 11. Be3 Bd7 12. a3 Nce7 13. Qc2 c6 14. Bd3 Bg4 15. Be2 Qc7 16. Rac1 Kh8 17. Nb5 Qd7 18. Nxa7 Rxa7 19. e5 Raa8 20. exd6 Qxd6 21. Qc5 Rfd8 22. h3 Be6 23. Qh5 f6 24. Bd3 Bf7 25. Nh4 Qd5 26. Nxg6+ Bxg6 27. Bxg6 Nxg6 28. Qg4 b6 29. Rc2 Re8 30. Rfc1 Re4 31. Rxc6 Rxg4 32. Rc8+ Rxc8 33. Rxc8+ Qg8 34. Rxg8+ Kxg8 35. hxg4 Ne7 36. Kf1 Kf7 37. Ke2 Ke6 38. Kd3 Kd5 39. f3 Nc6 40. g3 g6 41. f4 Nd8 42. Bd2 Nf7 43. Ke3 Nd6 44. Kd3 Nc4 45. Bc3 Nd6 46. Bd2 Nc4 1/2-1/2

[Event "Outaouais-ch"]
[Site "Hull CAN"]
[Date "1982.10.05"]
[Round "5"]
[White "Roy, Roger"]
[Black "Laurin, Denys"]
[Result "1/2-1/2"]
[WhiteElo "1668"]
[BlackElo "1926"]
[PlyCount "161"]
[GameId "2160767912848191"]
[EventDate "1982.09.07"]
[EventType "tourn"]
[EventRounds "9"]
[EventCountry "CAN"]
[SourceTitle "Matou #18"]

1. c4 Nf6 2. Nc3 e6 3. e4 d5 4. e5 d4 5. exf6 dxc3 6. fxg7 cxd2+ 7. Qxd2 Qxd2+ 8. Bxd2 Bxg7 9. Rb1 Bd7 10. b4 Nc6 11. Nf3 O-O-O 12. c5 e5 13. Bc4 e4 14. Ng5 Ne5 15. Be2 Bf5 16. Rd1 Bh6 17. Nxe4 Bxe4 18. Bxh6 Rxd1+ 19. Kxd1 Rd8+ 20. Bd2 Bxg2 21. Re1 f5 22. Kc1 Bd5 23. a3 Rg8 24. Bf4 Ng6 25. Bh6 Re8 26. Kd2 Nh4 27. Bh5 Rxe1 28. Kxe1 Kd7 29. Ke2 a5 30. Kd3 axb4 31. axb4 Be4+ 32. Kd4 Ke6 33. Bf4 c6 34. Bg5 Ng2 35. Bd8 Ne1 36. Be2 Bf3 37. Bc4+ Bd5 38. Be2 Nc2+ 39. Kc3 Ne1 40. Kd4 Be4 41. Bc7 Bd5 42. Bd1 Ng2 43. f4 Nh4 44. Ke3 Ng6 45. Kd4 Nh4 46. Ke3 Kd7 47. Bb8 Ng6 48. Bd6 b5 49. Kd4 Ke6 50. Be2 Nh4 51. Ke3 Be4 52. Bd1 Bd5 53. Be2 Kf6 54. Bc7 Ng6 55. Bd6 Nh4 56. Bc7 Ke6 57. Bd6 Be4 58. Bd1 Ng2+ 59. Kd4 Bd5 60. Bb8 Ne1 61. Bd6 Bc4 62. Bc7 Nd3 63. Kc3 Nf2 64. Bf3 Bd5 65. Be2 Ne4+ 66. Kd4 Nd2 67. Bd6 Nb3+ 68. Kc3 Nc1 69. Bd1 Na2+ 70. Kd4 Nxb4 71. Kc3 Na6 72. Kd4 Nb4 73. Kc3 Na6 74. Kd4 b4 75. Be2 b3 76. Kc3 Nb4 77. Kxb4 b2 78. Bd3 Ba2 79. Kc3 b1=Q 80. Bxb1 Bxb1 81. Kd4 1/2-1/2

[Event "Outaouais-ch"]
[Site "Hull CAN"]
[Date "1982.??.??"]
[Round "6"]
[White "Dube, Jacques"]
[Black "Latreille, Pierre"]
[Result "1-0"]
[WhiteElo "1612"]
[BlackElo "1619"]
[PlyCount "63"]
[GameId "2160767912848192"]
[EventDate "1982.09.07"]
[EventType "tourn"]
[EventRounds "9"]
[EventCountry "CAN"]
[SourceTitle "Matou #18"]

1. e4 d6 2. d4 Nf6 3. Nc3 g6 4. Bg5 Bg7 5. Qd2 O-O 6. f4 Nc6 7. O-O-O Bg4 8. Be2 Bxe2 9. Qxe2 Nd7 10. e5 Qe8 11. Nd5 Rc8 12. g4 dxe5 13. fxe5 Nb6 14. Nc3 Qd7 15. Qe4 e6 16. Bf6 Nc4 17. Nf3 Nd6 18. Qf4 Ne8 19. d5 Ne7 20. dxe6 Qxe6 21. Ng5 Bh6 22. Nxe6 Bxf4+ 23. Nxf4 Nc6 24. Ncd5 Ng7 25. Ne7+ Nxe7 26. Bxe7 Rfe8 27. Bf6 c6 28. Rd7 Rb8 29. Rhd1 a6 30. Rc7 Ne6 31. Nxe6 Rxe6 32. Rdd7 1-0

[Event "Outaouais-ch"]
[Site "Hull CAN"]
[Date "1982.??.??"]
[Round "9"]
[White "Dube, Jacques"]
[Black "Laurin, Denys"]
[Result "1-0"]
[WhiteElo "1612"]
[BlackElo "1926"]
[PlyCount "133"]
[GameId "2160767912848193"]
[EventDate "1982.09.07"]
[EventType "tourn"]
[EventRounds "9"]
[EventCountry "CAN"]
[SourceTitle "Matou #18"]

1. e4 e5 2. Nf3 Nc6 3. d4 exd4 4. Bc4 Bb4+ 5. c3 dxc3 6. O-O c2 7. Qxc2 Nge7 8. Nc3 Bxc3 9. Qxc3 O-O 10. Bg5 h6 11. Bh4 d6 12. h3 Qe8 13. Rad1 Ng6 14. Rfe1 Nce5 15. Bg3 Nxc4 16. Qxc4 Qc6 17. Qd4 Qb6 18. Rc1 Qxd4 19. Nxd4 c5 20. Nb5 Bd7 21. Nxd6 b6 22. Rc3 Be6 23. a3 a5 24. Rd1 a4 25. Nb5 Rad8 26. Rxd8 Rxd8 27. Bc7 Rc8 28. Rd3 Bc4 29. Nd6 Rxc7 30. Nxc4 b5 31. Nb6 c4 32. Rd5 b4 33. Nxa4 bxa3 34. bxa3 c3 35. Rc5 Rxc5 36. Nxc5 Nf4 37. Kf1 c2 38. Nb3 Nd3 39. Ke2 Nc5 40. Nc1 Nxe4 41. f3 Nd6 42. Kd3 Kf8 43. Kxc2 Ke8 44. Kb3 Kd7 45. Kb4 Nf5 46. Nd3 Ne3 47. Ne1 Kc6 48. a4 Nd5+ 49. Kb3 Kb6 50. Nd3 f6 51. g4 Ka5 52. Kc4 Ne3+ 53. Kd4 Nc2+ 54. Ke4 Kxa4 55. Kf5 Nd4+ 56. Kg6 Ne6 57. h4 Kb5 58. f4 Kc4 59. f5 Nd4 60. Nf4 Nf3 61. Kxg7 Nxh4 62. Kxf6 Kd4 63. Kg7 Ke4 64. f6 Kxf4 65. f7 Kxg4 66. f8=Q Nf5+ 67. Kg6 1-0

[Event "Outaouais-ch Reserves"]
[Site "Hull CAN"]
[Date "1982.09.28"]
[Round "4"]
[White "Ledoux, Pierre"]
[Black "Tourigny, Pierre"]
[Result "0-1"]
[WhiteElo "1345"]
[BlackElo "1526"]
[PlyCount "76"]
[GameId "2160767912848194"]
[EventDate "1982.09.07"]
[EventType "tourn"]
[EventRounds "9"]
[EventCountry "CAN"]
[SourceTitle "Matou #18"]

1. e4 e5 2. Nf3 Nc6 3. Bb5 a6 4. Bxc6 dxc6 5. Nc3 Bg4 6. O-O Nf6 7. d3 Be7 8. Bg5 Nd7 9. Bxe7 Qxe7 10. Qe2 O-O 11. Nd1 Qf6 12. Ne3 Bxf3 13. Qxf3 Qxf3 14. gxf3 g6 15. Kh1 Nc5 16. Ng4 f6 17. Rad1 Ne6 18. c3 Rad8 19. Rd2 Nf4 20. Rfd1 c5 21. d4 h5 22. Ne3 cxd4 23. cxd4 exd4 24. Rxd4 Rxd4 25. Rxd4 Rf7 26. Nd5 Nxd5 27. Rxd5 Kf8 28. Kg2 Ke7 29. Kf1 Ke6 30. Rc5 c6 31. f4 Kd6 32. Rc3 Rd7 33. Rg3 Rg7 34. h4 Kc5 35. f5 Kd4 36. Rxg6 Rf7 37. f3 Ke3 38. Kg2 c5 0-1

[Event "Paques/Easter op"]
[Site "Montreal CAN"]
[Date "1982.04.09"]
[Round "1"]
[White "Morin, Louis"]
[Black "Lake, Perry"]
[Result "1/2-1/2"]
[WhiteElo "1855"]
[BlackElo "1937"]
[PlyCount "103"]
[GameId "2160767912848593"]
[EventDate "1982.04.09"]
[EventType "swiss"]
[EventRounds "6"]
[EventCountry "CAN"]
[SourceTitle "hb 2013"]

1. e4 c5 2. c3 d5 3. exd5 Qxd5 4. d4 e6 5. Nf3 Nc6 6. Be2 cxd4 7. cxd4 Nf6 8. Nc3 Bb4 9. O-O Bxc3 10. bxc3 O-O 11. c4 Qa5 12. Bb2 Rd8 13. Qb3 Qc7 14. Rac1 b6 15. Rfd1 Na5 16. Qb5 Qf4 17. Qe5 Qxe5 18. dxe5 Nd7 19. c5 Bb7 20. cxb6 Nxb6 21. Nd4 Rac8 22. Rxc8 Rxc8 23. Nb3 Nxb3 24. axb3 Bd5 25. Ba6 Rc7 26. Bd4 Nd7 27. b4 Nb8 28. b5 Nd7 29. h3 h5 30. Rd3 Nb6 31. Rc3 Rxc3 32. Bxc3 Kf8 33. Bd4 Ke8 34. Bxb6 axb6 35. h4 f6 36. f4 Kf7 37. Kf2 Kg6 38. exf6 gxf6 39. Bc8 Kf5 40. g3 Ke4 41. Bd7 Bb3 42. Bc6+ Kd4 43. Ke2 Bc4+ 44. Kd2 Bd5 45. Ke2 Bc4+ 46. Kd2 e5 47. fxe5 fxe5 48. Be8 e4 49. Bxh5 Bxb5 50. Bg6 e3+ 51. Ke1 Ke5 52. g4 1/2-1/2